<?xml version="1.0" encoding="UTF-8"?><?xml-stylesheet type="text/xsl" href="static/style.xsl"?><OAI-PMH xmlns="http://www.openarchives.org/OAI/2.0/" xmlns:xsi="http://www.w3.org/2001/XMLSchema-instance" xsi:schemaLocation="http://www.openarchives.org/OAI/2.0/ http://www.openarchives.org/OAI/2.0/OAI-PMH.xsd"><responseDate>2026-06-05T17:26:28Z</responseDate><request verb="GetRecord" identifier="oai:riuma.uma.es:10630/20986" metadataPrefix="marc">https://riuma.uma.es/rest/oai/request</request><GetRecord><record><header><identifier>oai:riuma.uma.es:10630/20986</identifier><datestamp>2026-02-03T11:36:49Z</datestamp><setSpec>com_10630_2254</setSpec><setSpec>col_10630_37953</setSpec></header><metadata><record xmlns="http://www.loc.gov/MARC21/slim" xmlns:dcterms="http://purl.org/dc/terms/" xmlns:doc="http://www.lyncode.com/xoai" xmlns:xsi="http://www.w3.org/2001/XMLSchema-instance" xsi:schemaLocation="http://www.loc.gov/MARC21/slim http://www.loc.gov/standards/marcxml/schema/MARC21slim.xsd">
   <leader>00925njm 22002777a 4500</leader>
   <datafield ind2=" " ind1=" " tag="042">
      <subfield code="a">dc</subfield>
   </datafield>
   <datafield ind2=" " ind1=" " tag="720">
      <subfield code="a">Pérez-Colodrero, Rosario Mercedes</subfield>
      <subfield code="e">author</subfield>
   </datafield>
   <datafield ind2=" " ind1=" " tag="720">
      <subfield code="a">Salcedo, Inés R.</subfield>
      <subfield code="e">author</subfield>
   </datafield>
   <datafield ind2=" " ind1=" " tag="720">
      <subfield code="a">Bazaga-García, Montse</subfield>
      <subfield code="e">author</subfield>
   </datafield>
   <datafield ind2=" " ind1=" " tag="720">
      <subfield code="a">Milla-Pérez, Diego F.</subfield>
      <subfield code="e">author</subfield>
   </datafield>
   <datafield ind2=" " ind1=" " tag="720">
      <subfield code="a">Durán-Martín, Jonatan D.</subfield>
      <subfield code="e">author</subfield>
   </datafield>
   <datafield ind2=" " ind1=" " tag="720">
      <subfield code="a">Ramírez-Losilla, Enrique</subfield>
      <subfield code="e">author</subfield>
   </datafield>
   <datafield ind2=" " ind1=" " tag="720">
      <subfield code="a">Moreno-Real, Laureano</subfield>
      <subfield code="e">author</subfield>
   </datafield>
   <datafield ind2=" " ind1=" " tag="720">
      <subfield code="a">Rius, Jordi</subfield>
      <subfield code="e">author</subfield>
   </datafield>
   <datafield ind2=" " ind1=" " tag="720">
      <subfield code="a">García-Aranda, Miguel Ángel</subfield>
      <subfield code="e">author</subfield>
   </datafield>
   <datafield ind2=" " ind1=" " tag="720">
      <subfield code="a">Demadis, Konstantinos D.</subfield>
      <subfield code="e">author</subfield>
   </datafield>
   <datafield ind2=" " ind1=" " tag="720">
      <subfield code="a">Olivera-Pastor, Pascual</subfield>
      <subfield code="e">author</subfield>
   </datafield>
   <datafield ind2=" " ind1=" " tag="720">
      <subfield code="a">Cabeza-Díaz, Aurelio</subfield>
      <subfield code="e">author</subfield>
   </datafield>
   <datafield ind2=" " ind1=" " tag="260">
      <subfield code="c">2017</subfield>
   </datafield>
   <datafield ind2=" " ind1=" " tag="520">
      <subfield code="a">The structural variability of two series of Mg2+- and Zn2+- 2-hydroxyphosphonoacetates have been&#xd;
studied in the range of 25–80 °C and 95 % relative humidity in order to correlate the structure with the&#xd;
proton conductivity properties. In addition to selected previously reported 1D, 2D and 3D materials, a new&#xd;
compound, KZn6(OOCCH(OH)PO3)4(OH)·5H2O (KZn6-HPAA-3D), has been prepared and thoroughly characterized.&#xd;
The crystal structure of this solid, solved ab initio from synchrotron X-ray powder diffraction data,&#xd;
consists of a negatively charged 3D framework with K+ ions, as compensating counterions. It also contains&#xd;
water molecules filling the cavities in contrast to the potassium-free 3D anhydrous NH4Zn(OOCCH(OH)PO3)&#xd;
(NH4Zn-HPAA-3D). In the range of temperature studied, the 1D materials exhibit a 1D → 2D solid-state transition.&#xd;
At 80 °C and 95 % RH, the 2D solids show moderate proton conductivities, between 2.1 × 10 − 5 S·cm − 1 and&#xd;
6.7 × 10− 5 S·cm− 1. The proton conductivity is slightly increased by ammonia adsorption up to 2.6 × 10 − 4 S·cm − 1,&#xd;
although no ammonia intercalation was observed. As synthesized KZn6-HPAA-3D exhibits a low proton conductivity,&#xd;
1.6 × 10− 6 S·cm− 1, attributed to the basic character of the framework and a low mobility of water molecules.&#xd;
However, this solid transforms to the 2D phase, Zn(OOCCH(OH)PO3H)·2H2O, upon exposure to dry HCl(g), which&#xd;
enhances the proton conductivity with respect to the as-synthesized 2D material (4.5 × 10− 4 S·cm− 1). On the other&#xd;
hand, NH4Zn-HPAA-3D exhibited a higher proton conductivity, 1.4 × 10− 4 S·cm− 1, than the K+ analog.</subfield>
   </datafield>
   <datafield ind1="8" ind2=" " tag="024">
      <subfield code="a">Colodrero, R., Salcedo, I., Bazaga-García, M., Milla-Pérez, D., Durán-Martín, J., Losilla, E., Moreno-Real, L., Rius, J., Aranda, M., Demadis, K., Olivera-Pastor, P., &amp; Cabeza, A. (2017). Structural variability in M2+ 2-hydroxyphosphonoacetate moderate proton conductors. Pure and Applied Chemistry, 89(1), 75–87. https://doi.org/10.1515/pac-2016-1003</subfield>
   </datafield>
   <datafield ind1="8" ind2=" " tag="024">
      <subfield code="a">https://hdl.handle.net/10630/20986</subfield>
   </datafield>
   <datafield ind1="8" ind2=" " tag="024">
      <subfield code="a">10.1515/pac-2016-1003</subfield>
   </datafield>
   <datafield tag="653" ind2=" " ind1=" ">
      <subfield code="a">Conductividad eléctrica</subfield>
   </datafield>
   <datafield tag="653" ind2=" " ind1=" ">
      <subfield code="a">Semimetales</subfield>
   </datafield>
   <datafield tag="653" ind2=" " ind1=" ">
      <subfield code="a">Polímeros organometálicos</subfield>
   </datafield>
   <datafield tag="653" ind2=" " ind1=" ">
      <subfield code="a">Química del estado sólido</subfield>
   </datafield>
   <datafield ind2="0" ind1="0" tag="245">
      <subfield code="a">Structural variability in M2+ 2-hydroxyphosphonoacetate moderate proton conductors</subfield>
   </datafield>
</record>
</metadata></record></GetRecord></OAI-PMH>